Statistics for FIFA 22 Team of the group stage

Click here to take the quiz!

General Stats

  • This quiz has been taken 40 times
  • The average score is 17 of 24

Answer Stats

ClubPositionRatingCompetitionAnswer% Correct
Man UnitedST92Champions LeagueCristiano Ronaldo
100%
LiverpoolRW92Champions LeagueMohamed Salah
100%
PSGGK90Champions LeagueGianluigi Donnarumma
97%
Bayern MunichST93Champions LeagueRobert Lewandowski
97%
JuventusRW87Champions LeagueFederico Chiesa
95%
Man CityLB89Champions LeagueJoao Cancelo
95%
PSGCB89Champions LeagueMarquinhos
95%
Bayern MunichLM88Champions LeagueLeroy Sane
92%
Man UnitedCAM90Champions LeagueBruno Fernandes
87%
LiverpoolRB89Champions LeagueTrent Alexander-Arnold
87%
RB LeipzigRF88Champions LeagueChristopher Nkunku
84%
AjaxST88Champions LeagueSebastien Haller
84%
Real MadridLW86Champions LeagueVinicius
84%
AjaxRW86Champions LeagueAntony
66%
ChelseaCB87Champions LeagueAndreas Christensen
63%
NapoliST86Europa LeagueVictor Osimhen
58%
West HamCAM85Europa LeagueSaid Benrahma
55%
BragaLM86Europa LeagueGaleno
47%
LyonLM84Europa LeagueKarl Toko-Ekambi
47%
LilleCB85Champions LeagueTiago Djalo
47%
VillarrealCM87Champions LeagueEtienne Capoue
42%
WolfsburgST87Champions LeagueLukas Nmecha
39%
Bodo/GlimtST83Conference LeagueErik Botheim
34%
VitesseLWB74Conference LeagueMaximilian Wittek
32%

Score Distribution

Percentile by Number Answered

Percent of People with Each Score

Your Score History

You have not taken this quiz